[Event "Obert Barbera 2007 Grup B"]
[Site "?"]
[Date "2007.07.07"]
[Round "2"]
[White "Rodriguez Pardo, Fernando"]
[Black "Sabria Batlle, Pol"]
[Result "1-0"]
[WhiteElo "2058"]
[BlackElo "1951"]
[PlyCount "63"]
[SourceDate "2007.07.07"]

1. d4 Nf6 2. c4 e6 3. g3 d5 4. Nf3 Be7 5. Bg2 O-O 6. O-O b6 7. Nc3 Bb7 8. Qc2
Nbd7 9. Rd1 a6 10. Ne5 c5 11. Nxd7 Qxd7 12. e4 cxd4 13. exd5 dxc3 14. Bh3 Qe8
15. bxc3 exd5 16. Bg2 Qd7 17. cxd5 Bc5 18. h3 b5 19. Bg5 Qd6 20. Bf4 Qb6 21. c4
Rfe8 22. a4 Nh5 23. a5 Qa7 24. Bc7 Rac8 25. d6 Bxg2 26. Kxg2 Rxc7 27. dxc7 Qxc7
28. cxb5 Qb7+ 29. Kh2 Qxb5 30. Rd5 Re2 31. Qxc5 Rxf2+ 32. Kg1 1-0

[Event "Obert Barbera 2007 Grup B"]
[Site "?"]
[Date "2007.07.07"]
[Round "2"]
[White "Barroso Quinones, Antonio"]
[Black "Walter Travella, German"]
[Result "0-1"]
[WhiteElo "1824"]
[BlackElo "2055"]
[PlyCount "66"]
[SourceDate "2007.07.07"]

1. d4 e6 2. c4 Nf6 3. Nc3 Bb4 4. a3 Bxc3+ 5. bxc3 c5 6. Nf3 Qa5 7. Qc2 cxd4 8.
Nxd4 Ne4 9. Nb5 a6 10. Qxe4 axb5 11. Qd4 O-O 12. cxb5 d5 13. a4 Bd7 14. Bd2 Qc7
15. e3 Rc8 16. Bd3 Qc5 17. Qh4 f5 18. O-O e5 19. Rfc1 e4 20. Be2 Be6 21. Qg5 h6
22. Qg6 Qe7 23. f3 Nd7 24. fxe4 dxe4 25. Qg3 Nc5 26. Bd1 Rd8 27. Be1 Rf8 28. c4
Nd3 29. Rc2 f4 30. exf4 Rxf4 31. Be2 Qc5+ 32. Kh1 Raf8 33. h3 Rf1+ 0-1

[Event "Obert Barbera 2007 Grup B"]
[Site "?"]
[Date "2007.07.07"]
[Round "2"]
[White "Mas Recorda, Pere"]
[Black "Gonzalez Muelas, Javier"]
[Result "1-0"]
[WhiteElo "2050"]
[BlackElo "1933"]
[PlyCount "47"]
[SourceDate "2007.07.07"]

1. f4 d6 2. Nf3 Nc6 3. d4 Bf5 4. Nc3 Nf6 5. a3 d5 6. e3 e6 7. Bd3 Ne4 8. O-O a6
9. Nd2 g5 10. Ndxe4 dxe4 11. Bxe4 Bg6 12. f5 exf5 13. Bxf5 Bg7 14. Qf3 O-O 15.
Bxg6 hxg6 16. Bd2 Ne5 17. Qe2 Nc6 18. Rad1 Re8 19. Qc4 Ne7 20. Qxf7+ Kh8 21.
Ne4 Rf8 22. Qe6 Rf5 23. Rxf5 Nxf5 24. Qxg6 1-0

[Event "Obert Barbera 2007 Grup B"]
[Site "?"]
[Date "2007.07.07"]
[Round "2"]
[White "Trabalon Cerrato, Ivan"]
[Black "L'Hermitte, Emmanuel"]
[Result "0-1"]
[WhiteElo "1919"]
[BlackElo "2048"]
[PlyCount "78"]
[SourceDate "2007.07.07"]

1. e4 c5 2. Nf3 d6 3. d4 cxd4 4. Nxd4 Nf6 5. Nc3 a6 6. Be3 e5 7. Nb3 Be6 8. Qd2
Nbd7 9. f3 Be7 10. g4 b5 11. a4 b4 12. Nd5 Bxd5 13. exd5 Nb6 14. Bxb6 Qxb6 15.
a5 Qb7 16. Bc4 h6 17. Ra4 Rb8 18. Qd3 e4 19. fxe4 Qd7 20. Ra1 Qxg4 21. Nd2 Nd7
22. Qe2 Qh4+ 23. Kd1 Nc5 24. Bxa6 O-O 25. Bd3 Qf6 26. Kc1 Rfc8 27. Kb1 Qe5 28.
Nf3 Qf4 29. Rf1 Bf6 30. Nd2 Qe5 31. Nc4 Qe7 32. h3 Nd7 33. Qe3 Ne5 34. Nb6 Nxd3
35. cxd3 Qe5 36. Rxf6 Qxf6 37. Nxc8 b3 38. Nb6 Qf1+ 39. Qc1 Qxd3+ 0-1

[Event "Obert Barbera 2007 Grup B"]
[Site "?"]
[Date "2007.07.07"]
[Round "2"]
[White "Exposito Cabrera, Joaquin"]
[Black "Rahal, Joe"]
[Result "1-0"]
[WhiteElo "2040"]
[BlackElo "1729"]
[PlyCount "53"]
[SourceDate "2007.07.07"]

1. c4 g6 2. g3 Bg7 3. Bg2 Nf6 4. d4 O-O 5. Nc3 c6 6. e4 d6 7. h3 Qc7 8. Be3
Nbd7 9. Qd2 e5 10. d5 Nb6 11. b3 a5 12. Nge2 Bd7 13. O-O cxd5 14. Nxd5 Nfxd5
15. cxd5 Rfc8 16. Rac1 Qd8 17. a4 f5 18. f4 fxe4 19. Nc3 exf4 20. Bxf4 Be8 21.
Nxe4 Rxc1 22. Rxc1 Nc8 23. Kh2 b5 24. Ng5 Qb6 25. Ne6 Bf7 26. Nxg7 Kxg7 27.
Bh6+ 1-0

[Event "Obert Barbera 2007 Grup B"]
[Site "?"]
[Date "2007.07.07"]
[Round "2"]
[White "Urbano Cabrera, Moises"]
[Black "Aguilera Bonaque, Juan Carlos"]
[Result "0-1"]
[WhiteElo "1716"]
[BlackElo "2035"]
[PlyCount "36"]
[SourceDate "2007.07.07"]

1. Nf3 Nf6 2. c4 d5 3. g3 c6 4. Bg2 dxc4 5. a4 Bf5 6. O-O e6 7. Na3 Qd5 8. Nh4
Be4 9. f3 Bc5+ 10. Kh1 Bg6 11. e4 Qd3 12. Nxg6 hxg6 13. Qc2 Ng4 14. h3 Nf2+ 15.
Kh2 Qe2 16. d3 cxd3 17. Qxc5 Nxh3 18. Qe3 Nf4+ 0-1

[Event "Obert Barbera 2007 Grup B"]
[Site "?"]
[Date "2007.07.07"]
[Round "2"]
[White "Grao Amaya, Rafael"]
[Black "Ben Porat, Zeev"]
[Result "0-1"]
[WhiteElo "1793"]
[BlackElo "2029"]
[PlyCount "60"]
[SourceDate "2007.07.07"]

1. d4 e6 2. c4 f5 3. Nf3 Nf6 4. Bg5 h6 5. Bxf6 Qxf6 6. e3 Bb4+ 7. Nbd2 b6 8. a3
Bxd2+ 9. Qxd2 Bb7 10. Be2 O-O 11. O-O d6 12. Qc3 Nd7 13. Rac1 Rae8 14. b4 e5
15. d5 g5 16. Nd2 Qg6 17. f3 h5 18. e4 f4 19. h3 Bc8 20. Rf2 Re7 21. Nf1 Nf6
22. Nh2 Rg7 23. Bd3 g4 24. hxg4 hxg4 25. Nxg4 Bxg4 26. fxg4 Nxg4 27. Qd2 Nxf2
28. Qxf2 f3 29. Rc2 Rf4 30. Kf1 fxg2+ 0-1

[Event "Obert Barbera 2007 Grup B"]
[Site "?"]
[Date "2007.07.07"]
[Round "2"]
[White "Vives Cabau, Jordi"]
[Black "Gomez Guinovart, Josep Manel"]
[Result "1-0"]
[WhiteElo "2025"]
[BlackElo "1676"]
[PlyCount "99"]
[SourceDate "2007.07.07"]

1. e4 e6 2. d4 d5 3. e5 c5 4. c3 Qb6 5. Nf3 Nc6 6. a3 Bd7 7. b4 cxd4 8. cxd4 a6
9. Nc3 Na7 10. Na4 Bxa4 11. Qxa4+ Qc6 12. Qxc6+ Nxc6 13. Bd2 b5 14. Rc1 Kd7 15.
Bd3 f6 16. O-O Nge7 17. Bf4 Nc8 18. exf6 gxf6 19. Rfe1 Bd6 20. Bg3 Bxg3 21.
hxg3 N8e7 22. Rc2 Rac8 23. Kf1 Ng6 24. Ke2 Rhg8 25. Rh1 Rg7 26. Ke3 Nce7 27.
Rc5 Rc7 28. Rhc1 Rc6 29. Ra1 e5 30. Rxc6 Nxc6 31. Bf5+ Kd6 32. Bxg6 hxg6 33.
dxe5+ fxe5 34. Rh1 Ne7 35. g4 Ng8 36. Rc1 Nf6 37. g5 Ng4+ 38. Ke2 e4 39. Nd4
Rc7 40. Rxc7 Kxc7 41. f3 exf3+ 42. gxf3 Ne5 43. f4 Nd7 44. f5 gxf5 45. g6 Nf6
46. Nxf5 Kd7 47. Kd3 Ke6 48. Nd4+ Kd7 49. Nb3 Kc6 50. Kd4 1-0

[Event "Obert Barbera 2007 Grup B"]
[Site "?"]
[Date "2007.07.07"]
[Round "2"]
[White "Rios Torondell, Jaume"]
[Black "Lopez Peralta, Xavier"]
[Result "1-0"]
[WhiteElo "2017"]
[BlackElo "1882"]
[PlyCount "55"]
[SourceDate "2007.07.07"]

1. e4 c5 2. Nf3 e6 3. d4 cxd4 4. Nxd4 a6 5. Bd3 Nc6 6. Be3 Nf6 7. Qe2 Ne5 8.
Nc3 Nxd3+ 9. cxd3 d5 10. e5 Nd7 11. f4 Be7 12. O-O O-O 13. Rac1 Nc5 14. b3 f6
15. b4 Nxd3 16. Qxd3 Bxb4 17. Nc2 Ba5 18. Bc5 Rf7 19. Qd4 Rc7 20. Kh1 b6 21.
Bxb6 Bxb6 22. Qxb6 Rxc3 23. Qxd8+ Kf7 24. Nd4 Rxc1 25. Rxc1 Kg6 26. Qe8+ Kh6
27. g4 g5 28. Rc7 1-0

[Event "Obert Barbera 2007 Grup B"]
[Site "?"]
[Date "2007.07.07"]
[Round "2"]
[White "Ayza Casamitjana, Antoni"]
[Black "Gomez Jimenez, Ruben"]
[Result "0-1"]
[WhiteElo "2010"]
[BlackElo "1916"]
[PlyCount "36"]
[SourceDate "2007.07.07"]

1. e4 c5 2. a3 g6 3. Nf3 Bg7 4. Nc3 d6 5. Be2 Nf6 6. O-O O-O 7. Rb1 b6 8. d3
Bb7 9. h3 d5 10. exd5 Nxd5 11. Ne4 Nc6 12. Bd2 Qd7 13. Qc1 f5 14. c4 fxe4 15.
cxd5 exf3 16. dxc6 Bxc6 17. Bd1 fxg2 18. Bg5 gxf1=Q+ 0-1

[Event "Obert Barbera 2007 Grup B"]
[Site "?"]
[Date "2007.07.07"]
[Round "2"]
[White "Franch Guiral, Ramon"]
[Black "Mehiaoui, Dounia"]
[Result "1-0"]
[WhiteElo "1989"]
[BlackElo "1909"]
[PlyCount "81"]
[SourceDate "2007.07.07"]

1. f4 d5 2. Nf3 Nf6 3. e3 g6 4. d4 Bg7 5. Bd3 O-O 6. O-O e6 7. Nbd2 b6 8. Qe2
Bb7 9. c3 Nbd7 10. Ne5 c5 11. g4 Rc8 12. g5 Ne8 13. h4 Bxe5 14. fxe5 Ng7 15.
Nf3 Nh5 16. Qf2 Qc7 17. Nh2 Nxe5 18. dxe5 Qxe5 19. Ng4 Qg3+ 20. Qxg3 Nxg3 21.
Nf6+ Kg7 22. Rd1 c4 23. Kh2 cxd3 24. Kxg3 Ba6 25. Bd2 h5 26. Re1 Rfd8 27. Rac1
Bc4 28. b3 Ba6 29. e4 dxe4 30. Rxe4 Bb7 31. Re3 Rc5 32. c4 Rf5 33. Rc3 Rf1 34.
Rcxd3 Rg1+ 35. Kf2 Rg2+ 36. Ke1 Rg1+ 37. Ke2 Rg2+ 38. Kd1 Rc8 39. a4 Bc6 40.
Rd6 Rh2 41. Red3 1-0

[Event "Obert Barbera 2007 Grup B"]
[Site "?"]
[Date "2007.07.07"]
[Round "2"]
[White "Slimani, Abderezzak"]
[Black "Montiel Baeza, Alex"]
[Result "1-0"]
[WhiteElo "1974"]
[BlackElo "1880"]
[PlyCount "47"]
[SourceDate "2007.07.07"]

1. e4 e6 2. d4 d5 3. e5 c5 4. c3 Nc6 5. Nf3 Qb6 6. Bd3 cxd4 7. cxd4 f6 8. O-O
Bd7 9. Nc3 a6 10. Na4 Qc7 11. Bf4 b5 12. Nc5 Nb4 13. Rc1 Qa7 14. Nxd7 Qxd7 15.
exf6 Nxf6 16. Rc7 Qd8 17. Ng5 Nxd3 18. Qxd3 Nd7 19. Nxe6 Qf6 20. Rc6 Qf7 21.
Nc7+ Kd8 22. Bg5+ Nf6 23. Nxa8 Qb7 24. Rxf6 1-0

[Event "Obert Barbera 2007 Grup B"]
[Site "?"]
[Date "2007.07.07"]
[Round "2"]
[White "Ruiz Arenas, Carlos"]
[Black "Sierra Montoya, Miquel"]
[Result "1-0"]
[WhiteElo "1958"]
[BlackElo "1900"]
[PlyCount "93"]
[SourceDate "2007.07.07"]

1. e4 c5 2. Nf3 d6 3. d4 cxd4 4. Nxd4 Nf6 5. Nc3 a6 6. Be2 e5 7. Nb3 Be6 8. O-O
Be7 9. f4 exf4 10. Bxf4 O-O 11. Kh1 Nc6 12. Bf3 Ne5 13. Bxe5 dxe5 14. Qxd8
Rfxd8 15. Rfd1 h6 16. a3 g5 17. Na5 Rab8 18. Be2 Rxd1+ 19. Rxd1 Bd8 20. Nc4 b5
21. Nxe5 Bc7 22. Nc6 Re8 23. Nd4 Bg4 24. Bf3 Bf4 25. h3 Bxf3 26. gxf3 Kg7 27.
Nf5+ Kg8 28. Nd5 Be5 29. b3 Bb2 30. Nde7+ Kh7 31. Rd6 Bxa3 32. Rxf6 Bxe7 33.
Rxf7+ Kg8 34. Rxe7 Rxe7 35. Nxe7+ Kf7 36. Nf5 h5 37. Kg2 Kf6 38. Kg3 Ke5 39.
Ng7 Kd4 40. Nxh5 Kc3 41. e5 Kxc2 42. e6 Kxb3 43. e7 Ka4 44. e8=Q a5 45. Nf6 Kb4
46. Nd5+ Ka4 47. Nc3+ 1-0

[Event "Obert Barbera 2007 Grup B"]
[Site "?"]
[Date "2007.07.08"]
[Round "2"]
[White "Echarri Torres, Miguel"]
[Black "Mas Recorda, Pere"]
[Result "0-1"]
[WhiteElo "2113"]
[BlackElo "2050"]
[PlyCount "76"]
[SourceDate "2007.07.07"]

1. d4 e6 2. c4 f5 3. g3 Nf6 4. Nf3 Bb4+ 5. Nbd2 O-O 6. a3 Bxd2+ 7. Qxd2 Ne4 8.
Qc2 a5 9. b3 d6 10. Bg2 Nd7 11. Bb2 Qe7 12. O-O b6 13. Ne1 Bb7 14. Nd3 c5 15.
e3 Rfc8 16. Qe2 Ndf6 17. Rad1 Rc7 18. Nf4 Ng5 19. a4 Bxg2 20. Kxg2 Nf7 21. Qf3
Re8 22. d5 Ng5 23. Qe2 e5 24. h4 exf4 25. hxg5 f3+ 26. Qxf3 Ne4 27. Qxf5 Nxg5
28. Qg4 Rf8 29. Rde1 h5 30. Qe2 Qe4+ 31. f3 Qf5 32. Qf2 Qh3+ 33. Kg1 Nxf3+ 34.
Qxf3 Rxf3 35. Rxf3 Rf7 36. Ref1 Rxf3 37. Rxf3 h4 38. Rf2 Qg4 0-1

[Event "Obert Barbera 2007 Grup B"]
[Site "?"]
[Date "2007.07.08"]
[Round "3"]
[White "L'Hermitte, Emmanuel"]
[Black "Capellades Subirana, Marc"]
[Result "1/2-1/2"]
[WhiteElo "2048"]
[BlackElo "2112"]
[PlyCount "136"]
[SourceDate "2007.07.07"]

1. d4 Nf6 2. c4 e6 3. Nf3 Bb4+ 4. Nc3 b6 5. Bg5 Bb7 6. e3 h6 7. Bh4 g5 8. Bg3
Ne4 9. Qc2 Bxc3+ 10. bxc3 d6 11. Bd3 f5 12. d5 exd5 13. Nd4 Qf6 14. cxd5 Bxd5
15. f3 Nxg3 16. hxg3 Nd7 17. Bxf5 Nc5 18. Kf2 Kf8 19. g4 Re8 20. c4 Be6 21.
Nxe6+ Nxe6 22. Bxe6 Rxe6 23. Rad1 Kg7 24. Rd5 Re5 25. Rhd1 Rhe8 26. Rxe5 Rxe5
27. Rd5 Qe6 28. Qc3 Qf6 29. Qc2 c6 30. Rd2 Ra5 31. Qd1 Qe5 32. a4 d5 33. Rd4
Rc5 34. cxd5 Rxd5 35. Rxd5 Qxd5 36. Qa1+ Kf7 37. Qb2 c5 38. Qc2 Kg7 39. Qc3+
Kg8 40. Qf6 Qd2+ 41. Kf1 Qxe3 42. Qg6+ Kf8 43. Qxh6+ Ke8 44. Qc6+ Kf7 45. Qd7+
Qe7 46. Qd5+ Kf8 47. Qf5+ Kg7 48. Qd3 Qe6 49. Qc3+ Qf6 50. Qc4 Kf8 51. Qa6 Qf7
52. Qd3 Qe7 53. Qf5+ Kg7 54. Qd3 Qf7 55. Qc3+ Kh7 56. Qd3+ Kh6 57. Qd6+ Kg7 58.
Qe5+ Kg6 59. Qd6+ Qf6 60. Qd3+ Kh6 61. Qa6 Qa1+ 62. Kf2 Qd4+ 63. Kf1 c4 64.
Qxa7 c3 65. Qc7 Qd3+ 66. Kg1 c2 67. Qxb6+ Qg6 68. Qc5 Qd3 1/2-1/2

[Event "Obert Barbera 2007 Grup B"]
[Site "?"]
[Date "2007.07.08"]
[Round "3"]
[White "Canellas Magide, Lluis"]
[Black "Exposito Cabrera, Joaquin"]
[Result "0-1"]
[WhiteElo "2111"]
[BlackElo "2040"]
[PlyCount "44"]
[SourceDate "2007.07.07"]

1. Nc3 c5 2. Nf3 e6 3. d4 cxd4 4. Nxd4 a6 5. g3 Nf6 6. Bg2 Be7 7. Bg5 h6 8. Bf4
d6 9. Nb3 Qc7 10. Qd2 Nbd7 11. O-O-O Ne5 12. Bxe5 dxe5 13. Ne4 Nd5 14. Qe1 f5
15. Ned2 e4 16. Nb1 Nb4 17. Nc3 Bf6 18. Nd4 Qc4 19. b3 Qxc3 20. Qxc3 Nxa2+ 21.
Kb2 Nxc3 22. Kxc3 e5 0-1

[Event "Obert Barbera 2007 Grup B"]
[Site "?"]
[Date "2007.07.08"]
[Round "3"]
[White "Ruiz Manchon, Francesc Xavier"]
[Black "Vives Cabau, Jordi"]
[Result "1-0"]
[WhiteElo "2093"]
[BlackElo "2025"]
[PlyCount "93"]
[SourceDate "2007.07.07"]

1. e4 d6 2. d4 Nf6 3. Nc3 e5 4. Nf3 Nbd7 5. Bc4 Be7 6. O-O O-O 7. Re1 c6 8. a4
Qc7 9. h3 b6 10. b3 Bb7 11. Bb2 a6 12. Qd2 h6 13. Bf1 Rfe8 14. Rad1 Rad8 15.
Nh4 Bf8 16. Nf5 Nb8 17. Qe3 Bc8 18. Qf3 Nh7 19. h4 g6 20. Qg3 Kh8 21. dxe5 dxe5
22. Rxd8 Qxd8 23. Rd1 Qc7 24. Ne3 Bg7 25. h5 g5 26. Nc4 Re6 27. Ba3 Nd7 28. Nd6
Nc5 29. Bxc5 bxc5 30. Qd3 Nf6 31. Be2 a5 32. Qd2 Bf8 33. Nc4 Be7 34. Na2 Ba6
35. Nc3 Bxc4 36. Bxc4 Rd6 37. Qe2 Kg7 38. Rxd6 Qxd6 39. Nd1 Qd4 40. Ne3 Qxe4
41. Bd3 Qb4 42. Nf5+ Kf8 43. Nxe7 Qf4 44. g3 Qc1+ 45. Kg2 e4 46. Nf5 Qb2 47.
Bxe4 1-0

[Event "Obert Barbera 2007 Grup B"]
[Site "?"]
[Date "2007.07.08"]
[Round "3"]
[White "Aguilera Bonaque, Juan Carlos"]
[Black "Basas Gamazo, Josep"]
[Result "1-0"]
[WhiteElo "2035"]
[BlackElo "2089"]
[PlyCount "59"]
[SourceDate "2007.07.07"]

1. e4 c5 2. Nf3 d6 3. d4 cxd4 4. Nxd4 Nf6 5. Nc3 a6 6. Be2 e5 7. Nb3 Be7 8. O-O
Nc6 9. Be3 O-O 10. f4 exf4 11. Bxf4 Ne5 12. h3 Be6 13. Qd4 Qc7 14. Rac1 Rac8
15. Nd5 Bxd5 16. exd5 Nfd7 17. c4 Bf6 18. Qd2 Ng6 19. Be3 Rfe8 20. Nd4 Bxd4 21.
Bxd4 Nc5 22. Bg4 Rcd8 23. b4 Nd7 24. Qf2 Nde5 25. Bb6 Nxg4 26. hxg4 Qd7 27.
Bxd8 Rxd8 28. Qf5 Qe7 29. c5 Ne5 30. cxd6 1-0

[Event "Obert Barbera 2007 Grup B"]
[Site "?"]
[Date "2007.07.08"]
[Round "3"]
[White "Ben Porat, Zeev"]
[Black "Rodriguez Pardo, Fernando"]
[Result "1/2-1/2"]
[WhiteElo "2029"]
[BlackElo "2058"]
[PlyCount "67"]
[SourceDate "2007.07.07"]

1. f4 Nf6 2. Nf3 g6 3. e3 Bg7 4. Be2 O-O 5. O-O d6 6. d3 d5 7. Qe1 c5 8. Qg3
Nc6 9. Nc3 d4 10. Ne4 Nd5 11. Ne5 Nxe5 12. fxe5 Qc7 13. e6 Qxg3 14. hxg3 Bxe6
15. Nxc5 dxe3 16. Nxe6 fxe6 17. c3 Rxf1+ 18. Kxf1 Rf8+ 19. Ke1 Be5 20. Kd1 Bxg3
21. c4 Nf4 22. Bxe3 Nxg2 23. Bxa7 h5 24. Bc5 Bd6 25. Bxd6 exd6 26. Rc1 Rf2 27.
b4 Nf4 28. Rc2 Rxe2 29. Rxe2 Nxe2 30. Kxe2 Kf7 31. a4 Ke7 32. a5 d5 33. cxd5
exd5 34. d4 1/2-1/2

[Event "Obert Barbera 2007 Grup B"]
[Site "?"]
[Date "2007.07.08"]
[Round "3"]
[White "Walter Travella, German"]
[Black "Rios Torondell, Jaume"]
[Result "1-0"]
[WhiteElo "2055"]
[BlackElo "2017"]
[PlyCount "133"]
[SourceDate "2007.07.07"]

1. e4 e6 2. d4 d5 3. e5 c5 4. c3 Qb6 5. Nf3 Nc6 6. Bd3 cxd4 7. cxd4 Bd7 8. O-O
Nxd4 9. Ng5 Nc6 10. Re1 Nh6 11. Nc3 Nb4 12. Bb1 Bc5 13. Qf3 O-O-O 14. a3 Na6
15. b4 Bd4 16. Ra2 Kb8 17. Nd1 Rc8 18. Be3 Bxe3 19. Nxe3 Rc3 20. Nxd5 exd5 21.
Qxc3 Rc8 22. Qd2 f6 23. e6 Be8 24. Nxh7 Qd6 25. Rc2 Ng4 26. Rxc8+ Kxc8 27. Qc3+
Nc7 28. Qg3 Ne5 29. f4 Nc4 30. f5 Qxg3 31. hxg3 Nxa3 32. Bd3 Nc4 33. g4 Ne5 34.
Be2 Nc6 35. g5 fxg5 36. f6 gxf6 37. Nxf6 Kd8 38. Nxe8 Kxe8 39. b5 Nd4 40. b6
axb6 41. Bg4 Ke7 42. Ra1 Ncxe6 43. Bxe6 Kxe6 44. Rb1 b5 45. Kf2 Kd6 46. Ke3
Nf5+ 47. Kd3 Kc5 48. Rc1+ Kd6 49. Rf1 Ke5 50. Rb1 Nd6 51. Rb4 b6 52. Ke3 Nf5+
53. Kf3 Nh4+ 54. Kf2 Kd6 55. Rg4 Kc5 56. Rxg5 b4 57. g3 Ng2 58. Kxg2 b3 59. Rf5
Kd4 60. g4 b2 61. Rf1 Kc3 62. g5 Kc2 63. g6 d4 64. g7 b1=Q 65. Rxb1 Kxb1 66.
g8=Q d3 67. Qb3+ 1-0

[Event "Obert Barbera 2007 Grup B"]
[Site "?"]
[Date "2007.07.08"]
[Round "3"]
[White "Gomez Jimenez, Ruben"]
[Black "Vigo Allepuz, David"]
[Result "1/2-1/2"]
[WhiteElo "1916"]
[BlackElo "2141"]
[PlyCount "123"]
[SourceDate "2007.07.07"]

1. d4 e6 2. c4 f5 3. Nc3 Nf6 4. Nf3 d5 5. e3 c6 6. Be2 Bd6 7. a3 O-O 8. b4 Nbd7
9. Bd2 Ne4 10. b5 Ndf6 11. O-O g5 12. Ne1 Nxc3 13. Bxc3 Ne4 14. Bb4 Bxb4 15.
axb4 cxb5 16. cxb5 Bd7 17. Nf3 Nc3 18. Qd2 Bxb5 19. Bxb5 Nxb5 20. Rfc1 a6 21.
Rc5 Nd6 22. Rc2 a5 23. Rxa5 Rxa5 24. bxa5 Nc4 25. Qb4 g4 26. Ne5 Qxa5 27. Qxa5
Nxa5 28. Rc5 Ra8 29. h3 h5 30. Nd3 Nc6 31. Rb5 Ra7 32. Nc5 Nd8 33. Rb6 Kf7 34.
Rd6 Ke7 35. Rd7+ Ke8 36. Rd6 h4 37. Nxe6 Ke7 38. Rxd8 Kxe6 39. Rh8 Ra1+ 40. Kh2
Rf1 41. Rxh4 gxh3 42. Rxh3 Rxf2 43. Rh6+ Kd7 44. Rb6 Kc7 45. Rb3 Kc6 46. Rc3+
Kb6 47. Rb3+ Kc7 48. Rc3+ Kb8 49. Rc5 b6 50. Rxd5 Rf1 51. Rb5 Kc7 52. g3 Kc6
53. Rb2 Re1 54. Rb3 b5 55. Kg2 Kb6 56. Kf2 Rd1 57. Ke2 Rg1 58. Kf3 Rf1+ 59. Ke2
Rc1 60. Kf2 Rd1 61. Kf3 Rf1+ 62. Ke2 1/2-1/2

[Event "Obert Barbera 2007 Grup B"]
[Site "?"]
[Date "2007.07.08"]
[Round "3"]
[White "Martinez Llobet, Juan"]
[Black "Ferrer Roche, Marc"]
[Result "0-1"]
[WhiteElo "1883"]
[BlackElo "2095"]
[PlyCount "80"]
[SourceDate "2007.07.07"]

1. e4 d5 2. exd5 Nf6 3. Nc3 Nxd5 4. Nxd5 Qxd5 5. d4 Nc6 6. Nf3 Bg4 7. Be2 O-O-O
8. Be3 e6 9. c3 Be7 10. Qb3 Qa5 11. h3 Bh5 12. g4 Bg6 13. Qb5 Qxb5 14. Bxb5 Be4
15. Bxc6 Bxc6 16. Ke2 Bb5+ 17. Kd2 c5 18. Rhc1 Kb8 19. a3 f6 20. Ke1 Bc6 21.
Nd2 cxd4 22. cxd4 h5 23. Ke2 hxg4 24. hxg4 Rh4 25. Rg1 Bd6 26. f3 Rh2+ 27. Bf2
Bf4 28. Nb3 Bd5 29. Nc5 Bc4+ 30. Ke1 b6 31. b3 Bd5 32. Na6+ Kb7 33. Nb4 Bxb3
34. Nd3 Bd6 35. Rc1 Bd5 36. Ke2 Bxa3 37. Nf4 Bxc1 38. Rxc1 b5 39. Ke3 Rc8 40.
Rb1 Rc3+ 0-1

[Event "Obert Barbera 2007 Grup B"]
[Site "?"]
[Date "2007.07.08"]
[Round "3"]
[White "Molero Tejada, Santiago"]
[Black "Franch Guiral, Ramon"]
[Result "0-1"]
[WhiteElo "2009"]
[BlackElo "1989"]
[PlyCount "68"]
[SourceDate "2007.07.07"]

1. d4 e6 2. c4 b6 3. Nc3 Bb7 4. Bf4 f5 5. e3 Nf6 6. Nf3 Bb4 7. Bd3 O-O 8. O-O
Bxc3 9. bxc3 d6 10. Ng5 Qe8 11. f3 h6 12. Nh3 Nh5 13. Bg3 Nxg3 14. hxg3 Nd7 15.
Qe2 e5 16. Rad1 e4 17. Bc2 Nf6 18. f4 Qg6 19. Kh2 Nh5 20. Qe1 Ba6 21. Bb3 d5
22. Rh1 dxc4 23. Bc2 Rad8 24. Rc1 Nf6 25. Bd1 Nd5 26. Nf2 Qd6 27. g4 Nxf4 28.
g3 Nd3 29. Nxd3 exd3 30. gxf5 Rxf5 31. Bg4 Rg5 32. Kh3 Rf8 33. Rf1 Rxg4 34.
Rxf8+ Qxf8 0-1

[Event "Obert Barbera 2007 Grup B"]
[Site "?"]
[Date "2007.07.08"]
[Round "3"]
[White "Valarezzo Ricard, Pedro"]
[Black "Slimani, Abderezzak"]
[Result "0-1"]
[WhiteElo "1976"]
[BlackElo "1974"]
[PlyCount "70"]
[SourceDate "2007.07.07"]

1. d4 d5 2. Bf4 c6 3. Nf3 Qb6 4. Qc1 Bf5 5. e3 Nf6 6. Nh4 Bg6 7. Nxg6 hxg6 8.
Bd3 Nh5 9. Bg5 Nd7 10. Nd2 e5 11. c3 e4 12. Be2 f6 13. Bh4 Nf4 14. exf4 Rxh4
15. g3 Rh8 16. b4 Be7 17. Nb3 f5 18. a4 Qd8 19. Nc5 Nxc5 20. bxc5 Qa5 21. O-O
O-O-O 22. Rb1 Rh3 23. Qb2 Qc7 24. Kg2 Rdh8 25. Rh1 g5 26. fxg5 Bxg5 27. a5 a6
28. Kg1 Be3 29. fxe3 Qxg3+ 30. Kf1 b5 31. Bxb5 Qf3+ 32. Ke1 Qxh1+ 33. Bf1 Rxe3+
34. Kd2 Rxh2+ 35. Kxe3 Qf3# 0-1

[Event "Obert Barbera 2007 Grup B"]
[Site "?"]
[Date "2007.07.08"]
[Round "3"]
[White "Garcia Riera, Josep"]
[Black "Ruiz Arenas, Carlos"]
[Result "1-0"]
[WhiteElo "2033"]
[BlackElo "1958"]
[PlyCount "67"]
[SourceDate "2007.07.07"]

1. d4 Nf6 2. c4 g6 3. Nc3 Bg7 4. e4 d6 5. f3 O-O 6. Be3 Na6 7. Qd2 c5 8. Nge2
Bd7 9. h4 Rb8 10. g4 h5 11. e5 cxd4 12. Bxd4 dxe5 13. Bxe5 Ra8 14. Bxf6 exf6
15. gxh5 gxh5 16. O-O-O Bc6 17. Qf4 Qc7 18. Qxc7 Nxc7 19. Nd5 Nxd5 20. cxd5 Bb5
21. Ng3 Rac8+ 22. Kb1 Bxf1 23. Rhxf1 Rfd8 24. Nxh5 Kh7 25. Rg1 Bh8 26. Ng3 Rc5
27. d6 f5 28. Rd3 Rb5 29. b3 Bf6 30. d7 Re5 31. f4 Rc5 32. Rgd1 Kg6 33. h5+ Kg7
34. Rd5 1-0

[Event "Obert Barbera 2007 Grup B"]
[Site "?"]
[Date "2007.07.08"]
[Round "3"]
[White "Alquezar Calpena, Marc"]
[Black "Amor Alcaide, Manuel"]
[Result "0-1"]
[WhiteElo "1845"]
[BlackElo "2029"]
[PlyCount "40"]
[SourceDate "2007.07.07"]

1. e4 d6 2. d4 Nf6 3. Nc3 c6 4. Be2 Qc7 5. Nf3 Bg4 6. O-O Nbd7 7. Be3 Bxf3 8.
Bxf3 e5 9. d5 c5 10. Be2 a6 11. f4 b5 12. fxe5 Nxe5 13. Bg5 Be7 14. Bxf6 Bxf6
15. Qe1 Qe7 16. Nd1 O-O 17. Ne3 Ng6 18. Nf5 Qxe4 19. c3 Nf4 20. Qf2 Nxe2+ 0-1

[Event "Obert Barbera 2007 Grup B"]
[Site "?"]
[Date "2007.07.08"]
[Round "3"]
[White "Corrales Adamuz, Cristian"]
[Black "Colom Andres, Xavier"]
[Result "0-1"]
[WhiteElo "1840"]
[BlackElo "2026"]
[PlyCount "164"]
[SourceDate "2007.07.07"]

1. c4 c5 2. Nc3 g6 3. g3 Bg7 4. Bg2 e5 5. d3 Nc6 6. e4 Nge7 7. Nge2 d6 8. O-O
O-O 9. f4 Rb8 10. Rb1 a6 11. a4 Bd7 12. b3 Nd4 13. Nxd4 cxd4 14. Ne2 b5 15.
axb5 axb5 16. Ba3 b4 17. Bc1 Ra8 18. Bd2 Qb6 19. Qc2 Ra7 20. Ra1 Rfa8 21. Qb2
Nc6 22. Rfb1 Ra5 23. Rxa5 Qxa5 24. Nc1 Bf6 25. Qc2 Qc7 26. Na2 Qb6 27. Nc1 Ra3
28. Na2 Qa5 29. Ra1 Qa7 30. Bc1 Ra6 31. Qb1 Bg4 32. Bb2 Bd8 33. Nc1 Rxa1 34.
Bxa1 Qa5 35. Bf1 Nb8 36. h3 Bd7 37. Qa2 Na6 38. Qxa5 Bxa5 39. Be2 Nc5 40. Kg2
f5 41. exf5 gxf5 42. g4 fxg4 43. hxg4 Kf7 44. Bf3 Kf6 45. Kg3 Be8 46. g5+ Kf5
47. Bg4+ Kg6 48. Kh4 Bd7 49. Bxd7 Nxd7 50. Kg4 Bd8 51. f5+ Kg7 52. f6+ Kg6 53.
Na2 Ba5 54. Nc1 Nc5 55. Bb2 Ne6 56. f7 Kxf7 57. Kf5 Nc5 58. Ba1 Kg7 59. Bb2 Bd8
60. Ne2 Nxd3 61. Bxd4 exd4 62. Nxd4 Nc5 63. Nc6 Nxb3 64. Nxd8 Nd2 65. Ne6+ Kg8
66. Nd4 b3 67. Nxb3 Nxb3 68. Ke6 Nd2 69. Kxd6 Nxc4+ 70. Ke6 Kg7 71. Kf5 Kf7 72.
Kg4 Kg6 73. Kf4 Nd6 74. Kg4 Nf7 75. Kh3 Kxg5 76. Kg2 Kg4 77. Kh2 Nd6 78. Kg2
Nf5 79. Kf2 h5 80. Kf1 Kg3 81. Kg1 Ne3 82. Kh1 Ng4 0-1

[Event "Obert Barbera 2007 Grup B"]
[Site "?"]
[Date "2007.07.08"]
[Round "3"]
[White "Barroso Quinones, Antonio"]
[Black "Ayza Casamitjana, Antoni"]
[Result "0-1"]
[WhiteElo "1824"]
[BlackElo "2010"]
[PlyCount "46"]
[SourceDate "2007.07.07"]

1. d4 Nf6 2. c4 c5 3. d5 b5 4. cxb5 a6 5. Nc3 g6 6. e4 d6 7. a4 Bg7 8. a5 axb5
9. Bxb5+ Nbd7 10. Qa4 O-O 11. a6 Nb6 12. Qc2 Bd7 13. Bc6 Bxc6 14. dxc6 Qc7 15.
b4 cxb4 16. Nb5 Qc8 17. Be3 Rxa6 18. Rc1 Ng4 19. Qe2 Nxe3 20. Qxe3 Na4 21. Qb3
Nc5 22. Rxc5 dxc5 23. Qd5 Qxc6 0-1